True or False: Authors Quiz Stats

 Plays Quiz Updated Nov 9, 2016

Challenge
Share
Tweet
Embed
Score 0/30 Timer 03:00
2 Plays Today
Hint Answer % Correct
Twilight by J.K. Rowling???
93.3%
The Great Gatsby by F. Scott Fitzgerald???
93.2%
Hamlet by Tennessee Williams???
84.2%
Slaughterhouse-Five by Kurt Vonnegut???
83.7%
Cat on a Hot Tin Roof by Tennessee Williams???
83.3%
Emma by Jane Austen???
82.1%
Brave New World by Ayn Rand???
80.9%
A Farewell to Arms by Ernest Hemingway???
80.2%
The Road Not Taken by Robert Frost???
78.4%
Lolita by Vladimir Nabokov???
77.5%
At the Mountains of Madness by Stephen King???
77.1%
Absalom, Absalom by William Faulkner???
71.7%
Benito Cereno by James Fenimore Cooper???
66.6%
The Iliad by Virgil???
66.1%
Alice in Wonderland by C.S. Lewis???
65.3%
Hint Answer % Correct
Foundation by Isaac Asimov???
64.7%
Hedda Gabler by Henrik Ibsen???
63.1%
The Silence of the Lambs by Thomas Harris???
62.4%
One Flew Over the Cuckoo's Nest by Ken Kesey???
62.3%
20,000 Leagues Under the Sea by H.G. Wells???
61.6%
Howl by Allen Ginsberg???
60.8%
War and Peace by Fyodor Dostoyevsky???
58.9%
Paul Revere's Ride by Walt Whitman???
56.2%
A Raisin in the Sun by August Wilson???
55.3%
The Prince and the Pauper by Charles Dickens???
54.9%
The Rime of the Ancient Mariner by William Blake???
53.8%
Mostly Harmless by Douglas Adams???
50.3%
Beyond the Horizon by Eugene O'Neill???
46.9%
The Purloined Letter by Arthur Conan Doyle???
44.7%
Wuthering Heights by Charlotte Brontë???
38.2%

You're not logged in!

Compare scores with friends on all Sporcle quizzes.
OR
Log In

You Might Also Like...

Show Comments

Extras

Top Quizzes Today


Score Distribution

Your Account Isn't Verified!

In order to create a playlist on Sporcle, you need to verify the email address you used during registration. Go to your Sporcle Settings to finish the process.

Report this User

Report this user for behavior that violates our Community Guidelines.

Details: